| 000 | 00609nam a2200205 a 4500 | ||
|---|---|---|---|
| 001 | 774 | ||
| 003 | CDMR | ||
| 005 | 20131021105702.0 | ||
| 008 | 130130s1983||||||||||||||||||||||||||||d | ||
| 020 | _a8431308249 | ||
| 040 |
_aCDMR _bcat _cCDMR |
||
| 100 | 1 |
_aGarcía, Mario R. _9603 |
|
| 245 | 1 | 0 |
_aDiseño y remodelación de periódicos _cMario R. García |
| 246 |
_aContemporary newspaper design _b: a structural approach |
||
| 260 |
_aPamplona _cDL 1983 _bEUNSA |
||
| 300 |
_a302 p. _bil. b/n _c29 cm |
||
| 650 | 0 | 4 |
_91840 _aDiaris _xDisseny |
| 650 | 0 | 4 |
_93098 _aDiaris _xCompaginació i composició |
| 942 |
_cMON _2udc |
||
| 999 |
_c774 _d774 |
||